Les films se déroulant dans un train - Statistiques

Statistiques générales
  • Ce quiz a été pris 83 fois
  • Le résultat moyen est 5 sur 20
Statistiques - réponses
Anné Film % Correct
1973 Le {Train}
77%
1974 Le crime {de l'Orient express}
67%
1963 Bons baisers {de Russie}
58%
1959 Train de {nuit}
57%
2016 Dernier {train pour Busan}
35%
1932 Shanghai {express}
34%
1938 La bête {humaine}
30%
1998 Train de {vie}
18%
1998 Ceux qui {m'aiment prendront le train}
15%
2018 Le 15h17 {pour Paris}
13%
1995 Piège {à grande vitesse}
11%
1924 Le cheval {de fer}
10%
1938 Une femme {disparait}
10%
1951 {Pékin} express
6%
1978 La grande attaque {du train d'or}
5%
1984 Notre {histoire}
5%
1976 {Le pont de} Cassandra
4%
2008 T {Transsibérien}
3%
2010 U {Unstoppable}
3%
1972 Terreur dans {le Shanghai express}
1%
Aucun quiz correspondant
Distribution des résultats
% des personnes avec chaque résultat
Percentile par nombre de réponses
Votre historique - résultats
Vous n’avez pas pris ce quiz